<?xml version="1.0" encoding="UTF-8"?>
<record
    xmlns:xsi="http://www.w3.org/2001/XMLSchema-instance"
    xsi:schemaLocation="http://www.loc.gov/MARC21/slim http://www.loc.gov/standards/marcxml/schema/MARC21slim.xsd"
    xmlns="http://www.loc.gov/MARC21/slim">

  <leader>01085nam a22002177a 4500</leader>
  <controlfield tag="003">OSt</controlfield>
  <controlfield tag="005">20151026133603.0</controlfield>
  <controlfield tag="008">130715s2012    sp ||||| |||| 00| 0 cat d</controlfield>
  <datafield tag="040" ind1=" " ind2=" ">
    <subfield code="c">CDMR</subfield>
  </datafield>
  <datafield tag="100" ind1="1" ind2=" ">
    <subfield code="9">3578</subfield>
    <subfield code="a">Carrillo, Nereida</subfield>
  </datafield>
  <datafield tag="245" ind1="1" ind2="3">
    <subfield code="a">El xou nostrat</subfield>
    <subfield code="b">: l&#x2019;infoentreteniment en el contingut i la recepci&#xF3; del periodisme electoral a Catalunya en els casos de les eleccions de 2008 i 2010</subfield>
    <subfield code="c">Nereida Carrillo P&#xE9;rez ; directora Carme Ferr&#xE9; Pavia</subfield>
    <subfield code="h">[recurs electr&#xF2;nic]</subfield>
  </datafield>
  <datafield tag="260" ind1=" " ind2=" ">
    <subfield code="c">2012</subfield>
    <subfield code="a">Ballaterra</subfield>
  </datafield>
  <datafield tag="502" ind1=" " ind2=" ">
    <subfield code="a">Tesi doctoral defensada el 14 de desembre de 2012</subfield>
    <subfield code="c">Universitat Aut&#xF2;noma de Barcelona. Departament de Comunicaci&#xF3; Audiovisual i de Publicitat</subfield>
  </datafield>
  <datafield tag="650" ind1="0" ind2="4">
    <subfield code="9">3874</subfield>
    <subfield code="a">Eleccions</subfield>
    <subfield code="z">Catalunya</subfield>
  </datafield>
  <datafield tag="650" ind1="0" ind2="4">
    <subfield code="9">3542</subfield>
    <subfield code="a">Mitjans de comunicaci&#xF3; de massa</subfield>
    <subfield code="x">Influ&#xE8;ncia</subfield>
  </datafield>
  <datafield tag="650" ind1="0" ind2="4">
    <subfield code="9">2994</subfield>
    <subfield code="a">Tesis i dissertacions acad&#xE8;miques</subfield>
  </datafield>
  <datafield tag="700" ind1="1" ind2=" ">
    <subfield code="9">1263</subfield>
    <subfield code="a">Ferr&#xE9; Pavia, Carme</subfield>
  </datafield>
  <datafield tag="710" ind1="2" ind2=" ">
    <subfield code="9">3477</subfield>
    <subfield code="a">Universitat Aut&#xF2;noma de Barcelona</subfield>
    <subfield code="b"> -- Departament de Comunicaci&#xF3; Audiovisual i de Publicitat</subfield>
  </datafield>
  <datafield tag="856" ind1="4" ind2="0">
    <subfield code="u">http://hdl.handle.net/10803/107823</subfield>
    <subfield code="y">Disponible en l&#xED;nia (TDX)</subfield>
  </datafield>
  <datafield tag="942" ind1=" " ind2=" ">
    <subfield code="2">udc</subfield>
    <subfield code="c">TSN-E</subfield>
  </datafield>
  <datafield tag="999" ind1=" " ind2=" ">
    <subfield code="c">6595</subfield>
    <subfield code="d">6595</subfield>
  </datafield>
  <datafield tag="952" ind1=" " ind2=" ">
    <subfield code="0">0</subfield>
    <subfield code="1">0</subfield>
    <subfield code="4">0</subfield>
    <subfield code="7">0</subfield>
    <subfield code="a">CDMR</subfield>
    <subfield code="b">CDMR</subfield>
    <subfield code="d">2013-07-15</subfield>
    <subfield code="l">0</subfield>
    <subfield code="p">CDMR13096912</subfield>
    <subfield code="r">2013-07-15</subfield>
    <subfield code="w">2013-07-15</subfield>
    <subfield code="y">TSN-E</subfield>
    <subfield code="z">Tesi dipositada a TDX (Tesis Doctorals en Xarxa)</subfield>
  </datafield>
</record>
